Personalized politics : the Malaysian state under Mahathir

Bibliographic Details
Main Author: HWANG
Format: Book
Published: Singapore : Institute of Southeast Asian Studies , 2003
Subjects:

MARC

LEADER 00000cam a2200000 7i4500
001 0000003084
005 20040519.0
020 0 0 |a 9812301852 
090 0 0 |a 959.5054   |b HWA 2003 
100 1 0 |a HWANG   |h In-Won 
245 1 0 |a Personalized politics :   |b the Malaysian state under Mahathir   |c In-Won Hwang 
260 0 0 |a Singapore :   |b Institute of Southeast Asian Studies ,   |c 2003 
300 |a xix, 398p. ;   |c 23cm. 
600 0 0 |a Mahathir bin Mohamad   |f Dato' Seri ,   |c 1925- 
610 1 0 |a United Malays National Organization (UMNO) 
650 0 0 |a Malaysia   |x Ethnic relations   |x Politic aspects 
650 0 0 |a Malaysia   |x Politics and government 
998 |a JPSM 
999 |a 0000005533   |b Monograph   |c Open Shelf   |e Default branch